[Event "8th Amsterdam Summer Open-A 2018"]
[Site "Amsterdam"]
[Date "2018.07.10"]
[Round "4"]
[White "Spiler, Angelo"]
[Black "Grooten, Herman"]
[Result "0-1"]
[WhiteElo "2049"]
[BlackElo "2384"]
[Annotator "NA"]
[PlyCount "63"]
[EventDate "2018.07.07"]
[EventType "swiss"]
[EventCountry "NED"]
[SourceTitle "playchess.com"]
[Source "ChessBase"]
[SourceQuality "1"]
[TimeControl "40/5400+30:1800+30"]

1. e4 {[%emt 0:02:08]} c5 {[%emt 0:01:18]} 2. Nf3 {[%emt 0:00:00]} d6 {[%emt 0:00:07]} 3. c3 {[%emt 0:00:00]} Nf6 {[%emt 0:00:10]} 4. Qc2 {[%emt 0:00:00]} Qc7 {[%emt 0:00:39]} 5. a4 {[%emt 0:02:42]} g6 {[%emt 0:02:04]} 6. Na3 {[%emt 0:01:04]} a6 {[%emt 0:01:18]} 7. Nc4 {[%emt 0:02:08]} b6 {[%emt 0:15:12]} 8. a5 {[%emt 0:09:22]} Nbd7 {[%emt 0:06:12]} 9. axb6 {[%emt 0:06:00]} Nxb6 {[%emt 0:00:30]} 10. Nxb6 {[%emt 0:11:41]} Qxb6 {[%emt 0:00:09]} 11. Bc4 {[%emt 0:03:28]} Bg7 {[%emt 0:01:51]} 12. d3 {[%emt 0:10:41]} O-O {[%emt 0:01:26]} 13. Bg5 {[%emt 0:02:56]} Rb8 {[%emt 0:01:06]} 14. Ra2 {[%emt 0:01:08]} e6 $11 {[%emt 0:01:41]} 15. e5 {[%emt 0:04:41]} dxe5 {[%emt 0:04:12]} 16. Bxf6 {[%emt 0:03:35]} Bxf6 {[%emt 0:00:13]} 17. O-O {[%emt 0:01:38]} Bb7 {[%emt 0:00:34]} 18. Nd2 {[%emt 0:00:44]} Qc6 {[%emt 0:01:09]} 19. f3 {[%emt 0:00:36]} Bd8 {[%emt 0:04:11]} 20. Rfa1 {[%emt 0:01:07]} Ra8 {[%emt 0:03:38]} 21. Nb3 {[%emt 0:01:40]} Qd6 {[%emt 0:03:02]} 22. Qe2 {[%emt 0:04:22]} Bc7 {[%emt 0:01:40]} 23. g3 {[%emt 0:02:28]} Rfb8 {[%emt 0:03:39]} 24. Qe3 {[%emt 0:01:44]} Bb6 {[%emt 0:04:29]} 25. Re1 {[%emt 0:01:52]} f6 {[%emt 0:01:30]} 26. Rea1 {[%emt 0:04:37]} Kg7 {[%emt 0:00:53]} 27. Kg2 {[%emt 0:00:43]} g5 {[%emt 0:02:09]} 28. Nd2 {[%emt 0:01:00]} a5 {[%emt 0:02:36]} 29. Ne4 {[%emt 0:02:51]} Qe7 {[%emt 0:00:15]} 30. Bb5 {[%emt 0:04:46]} g4 {[%emt 0:00:48]} 31. fxg4 {[%emt 0:03:59]} f5 {[%emt 0:01:15]} 32. Kg1 {[%emt 0:01:45]} 0-1

[Event "8th Amsterdam Summer Open-A 2018"]
[Site "Amsterdam"]
[Date "2018.07.10"]
[Round "4"]
[White "Hoekstra, Peter"]
[Black "Elgersma, Simon"]
[Result "1/2-1/2"]
[WhiteElo "2031"]
[BlackElo "2263"]
[Annotator "NA"]
[PlyCount "93"]
[EventDate "2018.07.07"]
[EventType "swiss"]
[EventCountry "NED"]
[SourceTitle "playchess.com"]
[Source "ChessBase"]
[SourceQuality "1"]
[TimeControl "40/5400+30:1800+30"]

1. e4 {[%emt 19:38:29]} e6 {[%emt 0:00:17]} 2. d4 {[%emt 0:00:08]} d5 {[%emt 0:00:07]} 3. Nc3 {[%emt 0:00:22]} Nf6 {[%emt 0:00:07]} 4. e5 {[%emt 0:00:44]} Nfd7 {[%emt 0:00:06]} 5. f4 {[%emt 0:00:06]} c5 {[%emt 0:00:05]} 6. Nf3 {[%emt 0:00:05]} Nc6 {[%emt 0:00:06]} 7. Be3 {[%emt 0:00:06]} Be7 {[%emt 0:00:09]} 8. Qd2 {[%emt 0:00:39]} O-O {[%emt 0:00:55]} 9. dxc5 {[%emt 0:00:48]} Qa5 {[%emt 0:00:02]} 10. O-O-O {[%emt 0:01:45]} b6 {[%emt 0:01:00]} 11. Bb5 {[%emt 0:10:08]} Nb4 {[%emt 0:02:54]} 12. a3 {[%emt 0:05:55]} bxc5 {[%emt 0:00:09] LiveBook: 8 Partien} 13. Kb1 {[%emt 0:15:02]} Nb6 $11 {[%emt 0:16:59]} 14. axb4 {[%emt 0:18:10]} cxb4 {[%emt 0:01:49]} 15. Nd4 {[%emt 0:15:34]} bxc3 {[%emt 0:01:42]} 16. Nc6 {[%emt 0:02:08]} Qxb5 {[%emt 0:00:51]} 17. Nxe7+ {[%emt 0:00:09]} Kh8 {[%emt 0:00:09]} 18. Qxc3 {[%emt 0:00:20]} Nc4 {[%emt 0:29:34]} 19. f5 {[%emt 0:05:58]} Rb8 {[%emt 0:14:18]} 20. b3 {[%emt 0:03:18]} Bd7 {[%emt 0:04:17]} 21. f6 {[%emt 0:04:49]} Rfc8 {[%emt 0:04:49]} 22. fxg7+ {[%emt 0:06:46]} Kxg7 {[%emt 0:00:02]} 23. Nxc8 {[%emt 0:06:57]} Rxc8 {[%emt 0:00:21]} 24. Bh6+ {[%emt 0:01:43]} Kxh6 {[%emt 0:02:05]} 25. Qh3+ {[%emt 0:00:10]} Kg7 {[%emt 0:00:23]} 26. Rhf1 {[%emt 0:00:53]} Nd2+ {[%emt 0:00:38]} 27. Rxd2 {[%emt 0:00:17]} Qxf1+ {[%emt 0:00:02]} 28. Kb2 {[%emt 0:00:06]} Qe1 {[%emt 0:02:03]} 29. Qg4+ {[%emt 0:00:35]} Kf8 {[%emt 0:01:38]} 30. Qf4 {[%emt 0:00:12]} Ke8 {[%emt 0:05:07]} 31. Qg5 {[%emt 0:01:08]} Qe4 {[%emt 0:01:32]} 32. Qg8+ {[%emt 0:00:23]} Ke7 33. Qg5+ {[%emt 0:00:11]} Kf8 {[%emt 0:00:26]} 34. Rd3 {[%emt 0:00:49]} Qg6 {[%emt 0:00:14]} 35. Qh4 {[%emt 0:00:16]} Ke8 {[%emt 0:03:47]} 36. Rc3 {[%emt 0:01:15]} Rxc3 {[%emt 0:02:13]} 37. Kxc3 {[%emt 0:00:02]} Qxg2 {[%emt 0:00:59]} 38. Qxh7 {[%emt 0:00:11]} Qg5 {[%emt 0:01:54]} 39. Qh8+ {[%emt 0:00:12]} Ke7 {[%emt 0:00:05]} 40. h4 {[%emt 0:00:05]} d4+ {[%emt 0:03:50]} 41. Kb2 {[%emt 0:04:07]} Qf4 {[%emt 0:13:43]} 42. h5 {[%emt 0:06:59]} Qf2 {[%emt 0:04:26]} 43. Qb8 {[%emt 0:03:59]} Qh2 {[%emt 0:04:11]} 44. Qd6+ {[%emt 0:00:19]} Ke8 45. Qb8+ {[%emt 0:00:06]} Ke7 {[%emt 0:00:01]} 46. Qd6+ {[%emt 0:00:11]} Ke8 {[%emt 0:00:02]} 47. Qb8+ {[%emt 0:00:06]} 1/2-1/2

[Event "8th Amsterdam Summer Open-A 2018"]
[Site "Amsterdam"]
[Date "2018.07.13"]
[Round "7"]
[White "Lai, Hing Ting"]
[Black "Kollen, Zyon"]
[Result "0-1"]
[WhiteElo "2447"]
[BlackElo "2313"]
[Annotator "TA"]
[PlyCount "122"]
[EventDate "2018.07.07"]
[EventType "swiss"]
[EventCountry "NED"]
[SourceTitle "playchess.com"]
[Source "ChessBase"]
[SourceQuality "1"]

{[%evp 15,122,15,7,-18,-20,-28,-37,-92,-100,-139,-129,-122,-152,-141,-161,-206,-215,-233,-226,-464,-150,-156,-154,-153,-157,-154,-159,-150,-131,-231,-225,-187,-143,-146,-132,-137,-130,-133,-130,-132,-130,-132,-141,-196,-190,-196,-194,-175,-161,-218,-217,-209,-209,-234,-237,-216,-213,-231,-223,-226,-209,-192,-202,-347,-39,-39,0,-195,-195,-213,-195,-195,-191,-165,0,-145,-117,-152,-79,-79,-79,-162,-162,-176,-131,-137,-116,-158,-104,-125,-97,-346,-343,-319,-322,-29976,-29977,-29977,-29975,-29975,-29969,-12837,-12838,-12838,-12839,-12840,-12840,-12836,-12836]} 1. Nf3 Nf6 2. g3 e6 3. Bg2 d5 4. O-O Be7 5. c4 O-O 6. d4 dxc4 7. Qc2 b6 {E05: Open Catalan: 5 Nf3 Be7} (7... a6 8. a4 Bd7 9. Rd1 Bc6 10. Bg5 b5 11. Bxf6 Bxf6 12. Nc3 Qe8 13. e4 g6 14. h4 Nd7 15. axb5 axb5 16. Rxa8 Qxa8 {½-½ (26) Mamedyarov,S (2808)-So,W (2778) Stavanger 2018}) 8. Ne5 Qxd4 {LiveBook: 14 Games} 9. Nxc4 Nd5 {The position is equal.} 10. Rd1 Qc5 11. e4 ({Better is} 11. Be3 $15 Nxe3 12. Nxe3 Qxc2 13. Nxc2) 11... Nb4 $17 12. Qb3 Ba6 13. Nba3 N8c6 $36 {[%mdl 2048] Keeping White busy.} 14. Be3 Qh5 15. h3 $146 ({Predecessor:} 15. Rac1) 15... Rad8 16. g4 Qh4 17. Nd2 $2 (17. Rxd8 Rxd8 18. Rd1) 17... Nd4 $2 (17... Rd3 $19 18. Qa4 Ne5) 18. Bxd4 Rxd4 19. Nf3 Rxd1+ 20. Rxd1 Qf6 21. Nc2 Be2 22. Rd2 (22. Rd7 $17 {is a better defense.} Nxc2 23. Qxc2 Bxf3 24. Bxf3) 22... Bxf3 $1 $19 23. Bxf3 Qf4 24. Qe3 Bg5 25. h4 Qxe3 26. fxe3 Nxc2 27. hxg5 $17 {[%mdl 4096] Endgame KRB-KRN} Nb4 28. Rd7 Rc8 29. e5 (29. Be2 $17) 29... Nxa2 $19 30. Bb7 Rb8 31. Rxc7 Nb4 32. Be4 (32. Rd7 $142) 32... a5 33. Kf2 g6 34. Ke2 Na6 35. Rc4 Nc5 36. Bc6 Kf8 37. b4 axb4 38. Rxb4 Ke7 39. Kf3 (39. Bb5 {keeps fighting.}) 39... Kd8 $2 (39... Nd3 $19 40. Rb5 Nxe5+ $1 {[%mdl 512]} 41. Rxe5 Kd6) 40. Rd4+ $15 Ke7 41. Bb5 $2 (41. Rb4 $1 $11) 41... Rd8 $1 $19 42. Kf4 Rd5 43. Rb4 Rd2 $1 44. Kf3 Rd5 45. Kf4 Kd8 46. Rd4 Nb3 ({Black should try} 46... Kc7 $1 47. Bc4 Rd8) 47. Rb4 $17 Na5 $1 48. e4 (48. Rd4 $17) 48... Rc5 $19 49. Rd4+ Kc8 50. Be8 Rc7 51. Bb5 Kb7 (51... Rc1 $142 52. Rd2 Nc6) 52. Rd1 Nc6 53. Rh1 $2 (53. Rc1 $17) 53... Nd4 54. Bd3 Rc3 55. Rxh7 $2 (55. Ke3 $19 Nb3 56. Rd1) 55... Rxd3 {[%csl Gd4][%cal Rd3f3]} 56. Rxf7+ {KRN-KR} Ka6 $1 {[%csl Gd4][%cal Rd3f3]} 57. Ra7+ Kb5 {[%csl Gd4][%cal Rd3f3]} 58. Ra5+ Kb4 $1 {[%csl Gd4][%cal Rd3f3] Black is clearly winning.} 59. Ra4+ Kc3 $1 {[%csl Gd4][%cal Rd3f3]} 60. Rc4+ {[#]} Kd2 $1 {[%csl Gd4][%cal Rd3f3]} 61. Rc2+ {[#]} Ke1 $1 {Precision: White = 33%, Black = 64%.} ({Weaker is} 61... Kd1 62. Rc1+ Ke2 63. Re1+ Kf2 64. Rf1+ Ke2 65. Re1+ Kd2 66. Rd1+ Kc3 67. Rc1+ Kb2 68. Rc2+ Ka3 69. Rc3+ Rxc3 $11) 0-1

[Event "8th Amsterdam Summer Open-A 2018"]
[Site "Amsterdam"]
[Date "2018.07.13"]
[Round "7"]
[White "Bosboom, Manuel"]
[Black "Hernandez Iglesias, Francisco"]
[Result "1-0"]
[WhiteElo "2403"]
[BlackElo "2047"]
[Annotator "NA"]
[PlyCount "99"]
[EventDate "2018.07.07"]
[EventType "swiss"]
[EventCountry "NED"]
[SourceTitle "playchess.com"]
[Source "ChessBase"]
[SourceQuality "1"]
[TimeControl "40/5400+30:1800+30"]

1. Nf3 {[%emt 0:00:00]} d5 {[%emt 0:00:00]} 2. d4 {[%emt 0:00:43]} Nf6 {[%emt 0:00:00]} 3. c4 {[%emt 0:00:08]} c6 {[%emt 0:00:00]} 4. Nc3 {[%emt 0:00:10]} e6 {[%emt 0:00:00]} 5. Qc2 {[%emt 0:02:09]} dxc4 {[%emt 0:01:58]} 6. e4 {[%emt 0:03:49]} b5 {[%emt 0:04:24]} 7. Bf4 {[%emt 0:06:00] LiveBook: 3 Games} Bb7 {[%emt 0:02:24]} 8. O-O-O {[%emt 0:02:44]} ({Better is} 8. Be2 $15) 8... Be7 {[%emt 0:09:38]} 9. Kb1 {[%emt 0:11:23]} a5 {[%emt 0:05:58]} 10. h4 {[%emt 0:09:12]} a4 {[%emt 0:03:16]} 11. h5 $17 {[%emt 0:05:08]} ({Lieber} 11. a3) 11... a3 {[%emt 0:04:44]} 12. h6 {[%emt 0:01:28]} g6 {[%emt 0:00:24]} 13. d5 {[%emt 0:01:59]} exd5 {[%emt 0:01:19]} 14. Rh3 {[%emt 0:26:12]} O-O {[%emt 0:11:33]} 15. e5 {[%emt 0:04:30]} Nfd7 {[%emt 0:02:36]} 16. Rg3 {[%emt 0:03:30]} Nc5 {[%emt 0:04:25]} 17. Nd4 {[%emt 0:02:33]} Bc8 {[%emt 0:04:58]} 18. Ndxb5 {[%emt 0:07:15]} Bh4 {[%emt 0:08:26]} 19. Nd6 {[%emt 0:01:51]} Bxg3 {[%emt 0:03:50]} 20. fxg3 {[%emt 0:00:49]} axb2 {[%emt 0:08:10]} 21. e6 {[%emt 0:02:47]} Nxe6 {[%emt 0:07:51]} 22. Nxc4 {[%emt 0:05:12]} Nxf4 {[%emt 0:02:10]} 23. gxf4 {[%emt 0:01:11]} Qf6 {[%emt 0:00:32]} 24. Rxd5 {[%emt 0:00:17]} Qxf4 {[%emt 0:05:54]} 25. Rd1 {[%emt 0:00:18]} Bf5 {[%emt 0:00:47]} 26. Bd3 {[%emt 0:00:01]} Qxc4 {[%emt 0:01:10]} 27. Bxc4 {[%emt 0:00:39]} Bxc2+ {[%emt 0:00:06]} 28. Kxc2 {[%emt 0:00:01]} Ra5 {[%emt 0:01:31]} 29. Ne4 {[%emt 0:00:16]} Ra7 {[%emt 0:01:59]} 30. Kxb2 {[%emt 0:00:32]} Nd7 {[%emt 0:00:29]} 31. Rxd7 {[%emt 0:00:42]} Rxd7 {[%emt 0:00:23]} 32. Nf6+ {[%emt 0:00:00]} Kh8 {[%emt 0:00:14]} 33. Nxd7 {[%emt 0:00:00]} Rd8 {[%emt 0:00:43]} 34. Ne5 {[%emt 0:00:18]} Rd2+ {[%emt 0:00:07]} 35. Kc3 {[%emt 0:00:08]} Rxg2 {[%emt 0:00:20]} 36. a4 {[%emt 0:00:13]} Kg8 {[%emt 0:02:31]} 37. a5 {[%emt 0:00:12]} Rg5 {[%emt 0:01:08]} 38. Kd4 {[%emt 0:01:45]} c5+ {[%emt 0:01:24]} 39. Kd5 {[%emt 0:01:25]} Kf8 {[%emt 0:00:46]} 40. Kd6 {[%emt 0:00:11]} f5 {[%emt 0:01:10]} 41. Nd7+ {[%emt 0:31:15]} Ke8 {[%emt 0:30:21]} 42. a6 {[%emt 0:00:32]} Rg1 {[%emt 0:00:32]} 43. Nf6+ {[%emt 0:00:40]} Kd8 {[%emt 0:00:23]} 44. Nxh7 {[%emt 0:01:11]} Kc8 {[%emt 0:00:47]} 45. Kc6 {[%emt 0:00:00]} Kb8 {[%emt 0:00:00]} 46. Kb6 {[%emt 0:00:00]} Rd1 {[%emt 0:00:00]} 47. a7+ {[%emt 0:00:00]} Ka8 {[%emt 0:00:00]} 48. Ng5 {[%emt 0:00:00]} Rd6+ {[%emt 0:00:00]} 49. Kc7 {[%emt 0:00:00]} Rd4 {[%emt 0:00:00]} 50. h7 {[%emt 0:00:00]} 1-0

[Event "8th Amsterdam Summer Open-A 2018"]
[Site "Amsterdam"]
[Date "2018.07.13"]
[Round "7"]
[White "Grooten, Herman"]
[Black "Riemersma, Li"]
[Result "1-0"]
[WhiteElo "2384"]
[BlackElo "2458"]
[Annotator "TA"]
[PlyCount "137"]
[EventDate "2018.07.07"]
[EventType "swiss"]
[EventCountry "NED"]
[SourceTitle "playchess.com"]
[Source "ChessBase"]
[SourceQuality "1"]

{[%evp 24,137,24,18,26,25,26,20,17,17,14,20,27,-10,-20,-15,-12,-8,-17,-16,-21,-27,0,0,0,0,0,0,0,0,2,0,0,-14,-11,-17,-20,-19,-19,-57,-35,-57,-57,-57,-58,-57,-62,-97,-104,-75,-41,-57,-41,-43,-40,-40,-43,-38,0,0,0,-15,-13,-30,-30,-46,-53,-46,-46,-58,-8,-43,-47,-57,-23,-81,-82,-77,-60,-110,-92,-101,0,8,62,62,62,0,0,0,5197,2034,29969,29971,29966,29958,29977,29979,29978,29980,29980,29981,29983,29984,29984,29985,29985,29986,29986,29987,29987,29988,29988,29989,29991,29992]} 1. d4 Nf6 2. c4 e6 3. Nf3 d5 4. Nc3 Bb4 5. Bg5 h6 6. Bxf6 Qxf6 7. Qa4+ Nc6 8. e3 O-O {D38: Queen's Gambit Declined: Ragozin Defence (4 Nf3 Bb4)} 9. Be2 Bd7 (9... dxc4 10. O-O Bd7 11. Bxc4 Bxc3 12. bxc3 Rfd8 13. Qa3 Qe7 14. Qxe7 Nxe7 15. Rab1 b6 16. Ne5 {½-½ (39) Karjakin,S (2782)-Aronian,L (2764) Stavanger 2018}) 10. Qb3 dxc4 11. Qxc4 Bd6 12. O-O e5 13. Ne4 {LiveBook: 5 Games} Qg6 {[#]} 14. Bd3 $146 ({Predecessor:} 14. Nxd6 Qxd6 15. dxe5 Nxe5 16. Qc3 Nxf3+ 17. Bxf3 {½-½ (62) Cramling,P (2518)-Koneru,H (2581) Beijing 2014}) 14... exd4 15. Nc5 Bf5 16. Bxf5 Qxf5 17. Nxb7 Ne5 18. Nxe5 (18. Nxd4 {feels hotter.} Qxf2+ 19. Rxf2 Nxc4 20. Re2 Rfb8 21. Nxd6 Nxd6 22. Rc1) 18... Bxe5 19. exd4 Qf4 {[%csl Ge5][%cal Rf4h2]} 20. g3 $132 {[%mdl 2048] White has counterplay} Qxd4 21. Qxd4 Bxd4 22. Rac1 Rfe8 23. b4 Re2 24. a4 Rb2 25. Rc4 Bf6 26. Nc5 Rd8 27. b5 Be5 28. Kg2 Rd4 29. Rfc1 Rdd2 30. Ne4 Re2 31. g4 g6 $1 {White must now prevent ...f5.} 32. Rf1 Rec2 33. Rc5 Rxc5 34. Nxc5 $15 {[%mdl 4096] Endgame Strongly threatening Nd3. KRB-KRN} Bd4 35. Nd3 Ra2 36. Rc1 Rd2 37. Nb4 $1 Rxf2+ 38. Kg3 Rb2 39. Nc6 Rb3+ 40. Kg2 Rb2+ 41. Kf3 Rb3+ 42. Ke4 Bf2 43. Ne7+ Kg7 {aiming for ...Re3+.} 44. Nd5 Ra3 45. Rc4 Bg1 46. h4 Bh2 {Threatens to win with ...Rg3.} 47. Nc3 Bd6 48. Kd5 f5 49. g5 (49. gxf5 $11 {keeps the balance.} gxf5 50. Ke6) 49... hxg5 $17 50. hxg5 Kf7 51. Kc6 {[#]} Ke6 $1 {...f4 is the strong threat.} 52. Nd5 Rg3 (52... Bg3 $17 53. Nxc7+ Ke5) 53. Nxc7+ $11 Ke5 (53... Bxc7 $11 54. Kxc7 Kd5) 54. a5 $1 $14 {Hoping for b6.} f4 {White should prevent ...f3.} 55. Rc1 ({White should try} 55. Nd5 $14) 55... Bxc7 $11 56. Kxc7 {KR-KR} f3 $2 {[%mdl 8192]} (56... Ke4 $11) 57. b6 $18 axb6 58. axb6 {White mates.} f2 59. b7 Rb3 60. b8=Q Rxb8 61. Kxb8 {KR-KPP} Kf4 {[#]} 62. Rf1 $1 Kxg5 63. Rxf2 {KR-KP} Kh4 64. Kc7 g5 65. Kd6 g4 66. Ke5 g3 67. Rf8 Kg4 68. Ke4 g2 69. Rg8+ {Precision: White = 58%, Black = 64%.} 1-0

[Event "8th Amsterdam Summer Open-A 2018"]
[Site "Amsterdam"]
[Date "2018.07.13"]
[Round "7"]
[White "Brink, Barry"]
[Black "Hildenbrand, Peter"]
[Result "0-1"]
[WhiteElo "2342"]
[BlackElo "2226"]
[Annotator "NA"]
[PlyCount "84"]
[EventDate "2018.07.07"]
[EventType "swiss"]
[EventCountry "NED"]
[SourceTitle "playchess.com"]
[Source "ChessBase"]
[SourceQuality "1"]
[TimeControl "40/5400+30:1800+30"]

1. d4 {[%emt 0:00:00]} d5 {[%emt 0:00:00]} 2. c4 {[%emt 0:00:00]} e6 {[%emt 0:00:00]} 3. Nc3 {[%emt 0:00:00]} Bb4 {[%emt 0:00:00]} 4. e3 {[%emt 0:02:09]} Nf6 {[%emt 0:00:43]} 5. Bd3 {[%emt 0:01:03]} e5 {[%emt 0:01:17]} 6. a3 {[%emt 0:16:32]} exd4 {[%emt 0:11:36]} 7. axb4 {[%emt 0:09:44]} dxc3 {[%emt 0:00:07]} 8. bxc3 {[%emt 0:00:13]} dxc4 {[%emt 0:00:07]} 9. Bxc4 {[%emt 0:00:18]} Qxd1+ {[%emt 0:00:06]} 10. Kxd1 {[%emt 0:00:11]} Nc6 {[%emt 0:03:17]} 11. Nf3 {[%emt 0:13:58]} Bg4 $14 {[%emt 0:06:43]} 12. h3 {[%emt 0:09:17]} Bh5 {[%emt 0:10:33]} 13. Kc2 {[%emt 0:06:48]} O-O {[%emt 0:07:54]} 14. Bd2 {[%emt 0:10:00]} Ne4 {[%emt 0:02:30]} 15. Be1 {[%emt 0:00:14]} Nd6 {[%emt 0:00:21]} 16. Be2 {[%emt 0:02:39]} Ne5 {[%emt 0:03:26]} 17. Bd2 {[%emt 0:15:34]} Nxf3 {[%emt 0:02:10]} 18. gxf3 {[%emt 0:00:28]} Ne4 {[%emt 0:01:17]} 19. Rag1 {[%emt 0:05:34]} Nxd2 {[%emt 0:02:05]} 20. Kxd2 {[%emt 0:00:02]} Rad8+ {[%emt 0:02:19]} 21. Kc1 {[%emt 0:00:27]} Rd6 {[%emt 0:00:40]} 22. Rg5 {[%emt 0:00:44]} Bg6 {[%emt 0:00:07]} 23. Rd1 {[%emt 0:01:41]} Rfd8 {[%emt 0:00:15]} 24. Rxd6 {[%emt 0:00:10]} Rxd6 {[%emt 0:00:03]} 25. Rc5 {[%emt 0:00:30]} c6 {[%emt 0:01:28]} 26. f4 {[%emt 0:02:34]} Bd3 {[%emt 0:01:48]} 27. Bxd3 {[%emt 0:01:38]} Rxd3 {[%emt 0:00:03]} 28. Ra5 {[%emt 0:00:55]} a6 {[%emt 0:00:53]} 29. Kc2 {[%emt 0:00:02]} Rd6 {[%emt 0:00:08]} 30. h4 {[%emt 0:00:46]} Kf8 {[%emt 0:00:39]} 31. h5 {[%emt 0:00:23]} Rd5 {[%emt 0:12:20]} 32. e4 {[%emt 0:00:25]} Rd6 {[%emt 0:14:19]} 33. Rg5 {[%emt 0:00:03]} Rf6 {[%emt 0:01:04]} 34. Rg4 {[%emt 0:00:10]} Rh6 {[%emt 0:02:12]} 35. Rg5 {[%emt 0:00:03]} g6 {[%emt 0:05:26]} 36. hxg6 {[%emt 0:00:08]} hxg6 {[%emt 0:00:06]} 37. f5 {[%emt 0:01:17]} Rh5 {[%emt 0:05:11]} 38. f4 {[%emt 0:00:57]} Ke7 {[%emt 0:00:11]} 39. fxg6 {[%emt 0:01:05]} Rxg5 {[%emt 0:00:13]} 40. fxg5 {[%emt 0:00:20]} fxg6 {[%emt 0:00:07]} 41. c4 {[%emt 0:11:14]} b6 {[%emt 0:01:34]} 42. Kd3 {[%emt 0:04:57]} c5 {[%emt 0:01:10]} 0-1

[Event "8th Amsterdam Summer Open-A 2018"]
[Site "Amsterdam"]
[Date "2018.07.13"]
[Round "7"]
[White "De Boer, Eelke"]
[Black "Prior, Stephen C V"]
[Result "1-0"]
[WhiteElo "2317"]
[BlackElo "2025"]
[Annotator "NA"]
[PlyCount "51"]
[EventDate "2018.07.07"]
[EventType "swiss"]
[EventCountry "NED"]
[SourceTitle "playchess.com"]
[Source "ChessBase"]
[SourceQuality "1"]
[TimeControl "40/5400+30:1800+30"]

1. e4 {[%emt 20:42:27]} d5 {[%emt 0:00:05]} 2. exd5 {[%emt 0:00:11]} Qxd5 {[%emt 0:00:05]} 3. Nc3 {[%emt 0:00:08]} Qd6 {[%emt 0:00:03]} 4. d4 {[%emt 0:00:12]} g6 {[%emt 0:00:10] LiveBook: 71 Partien} 5. Nb5 {[%emt 0:03:53]} Qb6 {[%emt 0:01:05]} 6. c4 {[%emt 0:00:42]} c6 {[%emt 0:01:35]} 7. Nc3 {[%emt 0:00:06]} Bg7 {[%emt 0:00:58]} 8. Nf3 {[%emt 0:00:34]} Bg4 {[%emt 0:01:17]} 9. d5 {[%emt 0:16:55]} Nf6 {[%emt 0:03:20]} 10. h3 {[%emt 0:10:50]} Bxf3 {[%emt 0:03:21]} 11. Qxf3 {[%emt 0:04:27]} O-O {[%emt 0:00:21]} 12. g3 {[%emt 0:03:10]} Rd8 {[%emt 0:08:11]} 13. Bg2 {[%emt 0:01:38]} cxd5 {[%emt 0:04:36]} 14. cxd5 $11 {[%emt 0:00:24]} Na6 {[%emt 0:08:06]} 15. O-O {[%emt 0:04:40]} Nb4 {[%emt 0:03:15]} 16. Be3 {[%emt 0:03:04]} Qa6 {[%emt 0:05:28]} 17. Rad1 {[%emt 0:02:17]} Ne8 {[%emt 0:07:35]} 18. Bc5 {[%emt 0:06:59]} Nxa2 {[%emt 0:03:09]} 19. Nxa2 {[%emt 0:10:10]} Qxa2 {[%emt 0:00:17]} 20. Bxe7 {[%emt 0:00:07]} Rd7 {[%emt 0:00:33]} 21. d6 {[%emt 0:00:54]} Qa6 {[%emt 0:02:28]} 22. Qg4 {[%emt 0:02:43]} f5 {[%emt 0:01:36]} 23. Qb4 {[%emt 0:00:44]} Nf6 {[%emt 0:05:34]} 24. Qb3+ {[%emt 0:01:05]} Kh8 {[%emt 0:00:07]} 25. Bxf6 {[%emt 0:00:10]} Bxf6 {[%emt 0:05:46]} 26. Qe6 {[%emt 0:00:06]} 1-0

[Event "8th Amsterdam Summer Open-A 2018"]
[Site "Amsterdam"]
[Date "2018.07.13"]
[Round "7"]
[White "Elgersma, Simon"]
[Black "Mesman, Edwyn"]
[Result "0-1"]
[WhiteElo "2263"]
[BlackElo "2100"]
[Annotator "NA"]
[PlyCount "60"]
[EventDate "2018.07.07"]
[EventType "swiss"]
[EventCountry "NED"]
[SourceTitle "playchess.com"]
[Source "ChessBase"]
[SourceQuality "1"]
[TimeControl "40/5400+30:1800+30"]

1. e4 {[%emt 0:14:53]} c5 {[%emt 0:01:37]} 2. Nf3 {[%emt 0:00:00]} d6 {[%emt 0:00:23]} 3. d4 {[%emt 0:00:00]} cxd4 {[%emt 0:00:06]} 4. Nxd4 {[%emt 0:00:00]} Nf6 {[%emt 0:00:10]} 5. Nc3 {[%emt 0:00:00]} a6 {[%emt 0:00:04]} 6. Be2 {[%emt 0:00:00]} e5 {[%emt 0:01:24]} 7. Nf3 {[%emt 0:00:00]} Be7 {[%emt 0:00:34]} 8. Bg5 {[%emt 0:00:00]} Be6 {[%emt 0:06:00]} 9. Bxf6 {[%emt 0:00:00]} Bxf6 {[%emt 0:01:17] LiveBook: 37 Games} 10. O-O {[%emt 0:00:00]} O-O {[%emt 0:06:05]} 11. a4 {[%emt 0:00:00]} Be7 {[%emt 0:02:51]} 12. Nd5 {[%emt 0:03:55]} Nd7 $11 {[%emt 0:02:13]} 13. Bc4 {[%emt 0:08:57]} Nb6 {[%emt 0:13:14]} 14. Nxb6 {[%emt 0:08:34]} Qxb6 {[%emt 0:00:31]} 15. Bxe6 {[%emt 0:00:30]} fxe6 {[%emt 0:00:13]} 16. Qd3 {[%emt 0:10:26]} Rf4 {[%emt 0:04:06]} 17. c4 {[%emt 0:06:56]} Raf8 {[%emt 0:04:59]} 18. a5 {[%emt 0:08:31]} Qc5 {[%emt 0:10:19]} 19. b3 {[%emt 0:09:00]} Bd8 {[%emt 0:04:18]} 20. Rfd1 {[%emt 0:01:56]} Bc7 {[%emt 0:01:43]} 21. Ra2 {[%emt 0:02:10]} h6 {[%emt 0:01:31]} 22. h3 {[%emt 0:08:00]} R8f7 {[%emt 0:07:49]} 23. Ra4 {[%emt 0:05:44]} g5 {[%emt 0:05:13]} 24. b4 {[%emt 0:02:55]} Qc6 {[%emt 0:00:34]} 25. b5 {[%emt 0:00:02]} Qxe4 {[%emt 0:01:15]} 26. Qxe4 {[%emt 0:00:09]} Rxe4 {[%emt 0:00:09]} 27. b6 {[%emt 0:00:02]} Bb8 {[%emt 0:01:46]} 28. Ra3 {[%emt 0:00:46]} Rxc4 {[%emt 0:06:53]} 29. Rad3 {[%emt 0:01:43]} d5 {[%emt 0:01:37]} 30. Re3 {[%emt 0:01:26]} e4 {[%emt 0:02:33]} 0-1